| 000 | 00798nam a2200193 i 4500 | ||
|---|---|---|---|
| 001 | 20192 | ||
| 003 | ES-MaACL | ||
| 005 | 20230906152243.0 | ||
| 007 | t| | ||
| 008 | 021108s1948 sp f |||| | spa d | ||
| 100 | 1 |
_aAguado Smolinski, José. _918629 |
|
| 245 | 1 | 3 |
_aEl abastecimiento de madera a las minas de carbón / _cpor José Aguado Smolinski ; prólogo de Pedro de Novo F. Chicarro. |
| 260 |
_aMadrid : _bMinisterio de Agricultura, Instituto Forestal de Investigaciones y Esperiencias, _c1948 ( _fGráf. Reunidas) |
||
| 300 |
_a88, 13 p. de lám. : _b2 gráf. pleg., il. ; _c24 cm. |
||
| 650 | 4 |
_aMinas de carbón. _9165080 |
|
| 700 | 1 |
_aNovo y Fernández Chicarro, Pedro de. _986092 |
|
| 710 | 2 |
_aInstituto Forestal de Investigaciones y Experiencias. _95059 |
|
| 852 |
_aES-MaACL _j1525-F-26 |
||
| 999 |
_c20192 _d20192 |
||